000 00523cam a2200205ua 4500
001 4074
005 20260515113757.0
008 111220n ii |||gr||||Z||||||eng
020 _a978-0-07-063681-1
040 _cMAIN
082 _a005.4
100 _aVaughan, Tay,
245 1 1 _aMultimedia:
_bmaking it work /
_cby Tay Vaughan
250 _a7th.
260 _aNew Delhi:
_bTata mcgraw hill education pvt. ltd.,
_c2010.
300 _a514p:
_c25cm.
653 _aComputer science
653 _aMultimedia
942 _cBK
999 _c3893
_d3893